00767nam a22002057a 450000500170000001000150001702000260003203500140005803700130007208200180008510000210010324500840012426000380020827000840024630000250033050000240035594200320037999900190041195201310043020170531153934.0 aENG-118491 a9788190892384c600.00 aEN-102023 bDBAD/PUB a362.420954558 a Sharanjeet Kaur aSocial work intervention with speech and hearing impaired /cby Sharanjeet Kaur aNew DelhibAlterNotes Pressc2016 a161/55, Hasrat Mohani Lane, Ghafoor Nagar Road Jamia Nagar, bNew Delhie110025 axiii,146pc22cm.(Hb) aIncludes references 2ddccENh362.420954558mSHA c140630d140630 001040708NFICaBL1bBL1d2017-05-31eDBAD/PUB.g600.00l0o362.420954558 KAUpEN-102023r2017-05-31 00:00:00t1v600.00yEN